000 00749nam a2200253Ia 4500
003 OSt
005 20220924123538.0
006 a|||||r|||| 00| 0
007 ta
008 220923b |||||||| |||| 00| 0 san d
024 _a42469
037 _cTextual
040 _aARTS
_cARTS
_bsan
041 _2san
_asan
082 _aO1518,1INA,1, 15L4 (P15)
100 _aNarasena Deva
_9193127
245 0 _aSirivalacariu
260 _aNew Delhi
_b Bharatiya Gyanpith Prakashan India
_c1974
300 _a111p.
_ccm.
490 _aJnanapitha Murtidevi granthamala , Apabhramsa Grantham; 12
650 _aSANSKRIT LITERATURE
942 _hO1518,1INA,1, 15L4 (P15)
_cTEXL
_2CC
999 _c416198
_d416198